[Event "Al Ain U20 op 1st"]
[Site "Al Ain"]
[Date "2017.12.31"]
[Round "2"]
[White "Lakshmi, Krishna Bhushan D"]
[Black "Saleh Jasim, Al Blooshi"]
[Result "1-0"]
[WhiteElo "1973"]
[BlackElo "1277"]
[PlyCount "43"]
[EventDate "2017.12.30"]
[EventType "swiss"]
[EventRounds "9"]
[EventCountry "UAE"]
[SourceTitle "CBM 182 Extra"]
[Source "ChessBase"]
[SourceDate "2018.02.23"]
[SourceVersion "1"]
[SourceVersionDate "2018.02.23"]
[SourceQuality "1"]

1. d4 d5 2. c4 e5 3. dxe5 d4 4. Nf3 Nc6 5. g3 Bf5 6. Bg2 d3 7. e3 Bc5 8. a3 a5 9. Nc3 Nge7 10. b3 Qd7 11. Bb2 Rd8 12. Qd2 Ng6 13. 0-0-0 Ngxe5 14. Nxe5 Nxe5 15. Ne4 Qe7 16. Qxa5 Nc6 17. Qxc5 Qd7 18. Bxg7 Bxe4 19. Bxe4 d2+ 20. Kb2 Qe6 21. Bxc6+ bxc6 22. Qe5 1-0

[Event "Chennai op 9th"]
[Site "Chennai"]
[Date "2017.01.23"]
[Round "8"]
[White "Arpan, Das Jr"]
[Black "Lakshmi, Krishna Bhushan D"]
[Result "1/2-1/2"]
[WhiteElo "1752"]
[BlackElo "1964"]
[PlyCount "34"]
[EventDate "2017.01.18"]
[EventType "swiss"]
[EventRounds "10"]
[EventCountry "IND"]
[SourceTitle "CBM 176 Extra"]
[Source "ChessBase"]
[SourceDate "2017.03.02"]
[SourceVersion "1"]
[SourceVersionDate "2017.03.02"]
[SourceQuality "1"]

1. e4 e6 2. d4 d5 3. Nd2 Nf6 4. e5 Nfd7 5. Bd3 c5 6. c3 Nc6 7. Ne2 cxd4 8. cxd4 f6 9. exf6 Nxf6 10. Nf3 Bd6 11. 0-0 Qc7 12. h3 0-0 13. Nc3 a6 14. Be3 Bd7 15. Re1 Rae8 16. Rc1 Re7 17. a3 Qb8 1/2-1/2

[Event "Commonwealth-ch"]
[Site "Chennai"]
[Date "2012.11.23"]
[Round "2"]
[White "Lakshmi, Krishna Bhushan D"]
[Black "Karthikeyan, Murali"]
[Result "0-1"]
[WhiteElo "1928"]
[BlackElo "2329"]
[PlyCount "136"]
[EventDate "2012.11.23"]
[EventType "swiss"]
[EventRounds "11"]
[EventCountry "IND"]
[SourceTitle "CBM 151 Extra"]
[Source "ChessBase"]
[SourceDate "2012.12.18"]
[SourceVersion "1"]
[SourceVersionDate "2012.12.18"]
[SourceQuality "1"]

1. d4 Nf6 2. c4 e6 3. Nc3 d5 4. cxd5 exd5 5. Bg5 Be7 6. Qc2 Nbd7 7. e3 h6 8. Bh4 0-0 9. Bd3 b6 10. Nf3 Bb7 11. 0-0 c5 12. Rad1 c4 13. Bf5 a6 14. Ne5 b5 15. a3 Re8 16. f3 Nf8 17. e4 Qb6 18. Rfe1 Rad8 19. Bf2 Qc7 20. Ng4 dxe4 21. Nxf6+ Bxf6 22. fxe4 g6 23. Bg4 h5 24. Bf3 Bg7 25. e5 Bxf3 26. gxf3 Ne6 27. Be3 Qc8 28. f4 Bh6 29. Qf2 Ng7 30. Ne4 Kh8 31. Nf6 Nf5 32. Nxe8 Rxe8 33. Rf1 Kg8 34. d5 Rxe5 35. Bc1 Re8 36. Rfe1 Rxe1+ 37. Rxe1 Bg7 38. Be3 c3 39. bxc3 Qxc3 40. Bc5 Qd3 41. Re8+ Kh7 42. d6 Nxd6 43. Rd8 Qd1+ 44. Kg2 Qg4+ 45. Kh1 Ne4 46. Qe3 Nxc5 47. Qxc5 Qxf4 48. Kg2 Be5 49. Qd5 Qxh2+ 50. Kf3 Qf4+ 51. Ke2 h4 52. Rd7 Kg7 53. Qg2 Qc4+ 54. Rd3 a5 55. Qf3 b4 56. axb4 axb4 57. Kf2 Qc2+ 58. Kf1 Bc3 59. Qe3 Bf6 60. Kg1 g5 61. Qf3 Qc4 62. Kg2 g4 63. Qe3 Qc2+ 64. Rd2 Qf5 65. Rd3 h3+ 66. Kg1 Be5 67. Rb3 h2+ 68. Kg2 Qc2+ 0-1

[Event "Visakhapatnam op"]
[Site "Visakhapatnam"]
[Date "2012.10.26"]
[Round "1"]
[White "Lakshmi, Krishna Bhushan D"]
[Black "Adhiban, Baskaran"]
[Result "0-1"]
[WhiteElo "1928"]
[BlackElo "2564"]
[PlyCount "94"]
[EventDate "2012.10.26"]
[EventType "swiss"]
[EventRounds "11"]
[EventCountry "IND"]
[SourceTitle "EXT 2013"]
[Source "ChessBase"]
[SourceDate "2012.11.22"]
[SourceVersion "1"]
[SourceVersionDate "2012.11.22"]
[SourceQuality "1"]

1. d4 Nf6 2. c4 e6 3. Nc3 Bb4 4. a3 Bxc3+ 5. bxc3 b6 6. e3 Ba6 7. Bd3 0-0 8. e4 Ne8 9. Ne2 Nc6 10. Ng3 Na5 11. Qe2 c5 12. Be3 Nd6 13. e5 cxd4 14. cxd4 Ndxc4 15. Qh5 g6 16. Qh6 f5 17. Bg5 Qc8 18. 0-0 Rf7 19. Bf6 Qf8 20. Qg5 Bb7 21. Bxc4 Nxc4 22. h4 Nd6 23. h5 Rxf6 24. exf6 Nf7 25. Qd2 Qd8 26. Ne2 Qxf6 27. hxg6 hxg6 28. Rac1 Kg7 29. Nf4 Rh8 30. Rc7 Bf3 31. Qc3 Bc6 32. Rc1 g5 33. Nxe6+ Kg6 34. d5 Bxd5 35. Qxf6+ Kxf6 36. Nd4 Ne5 37. Rxa7 Nd3 38. Rxd7 Nxc1 39. Rxd5 f4 40. Nf3 Ne2+ 41. Kf1 Nc3 42. Rd6+ Ke7 43. Rxb6 g4 44. Ng1 Rd8 45. Rb7+ Ke6 46. g3 f3 47. Rb6+ Ke5 0-1

[Event "Raisoni Memorial op U15"]
[Site "Nagpur"]
[Date "2012.09.24"]
[Round "10"]
[White "Lakshmi, Krishna Bhushan D"]
[Black "Visakh, Narayanan Rajeswari"]
[Result "0-1"]
[WhiteElo "1894"]
[BlackElo "2202"]
[PlyCount "82"]
[EventDate "2012.09.17"]
[EventType "swiss"]
[EventRounds "11"]
[EventCountry "IND"]
[SourceTitle "CBM 150 Extra"]
[Source "ChessBase"]
[SourceDate "2012.10.19"]
[SourceVersion "1"]
[SourceVersionDate "2012.10.19"]
[SourceQuality "1"]

1. d4 Nf6 2. c4 g6 3. Nc3 Bg7 4. e4 d6 5. Nf3 0-0 6. Be2 e5 7. 0-0 Nc6 8. d5 Ne7 9. b4 Nh5 10. g3 f5 11. Ng5 Nf6 12. Bf3 c6 13. Bg2 h6 14. Ne6 Bxe6 15. dxe6 fxe4 16. b5 d5 17. Ba3 Re8 18. Bxe7 Rxe7 19. cxd5 cxd5 20. Qb3 Rc8 21. Rad1 Rxc3 22. Qxc3 Rxe6 23. Rfe1 Qb6 24. Qb3 Kh7 25. Rxd5 Nxd5 26. Qxd5 Rf6 27. Re2 Rd6 28. Qb3 Rd3 29. Qc2 Qxb5 30. Bxe4 Rd6 31. Rd2 Rf6 32. Qc7 Qb4 33. Rd7 Qe1+ 34. Kg2 Qxe4+ 35. Kf1 Qb1+ 36. Kg2 Qe4+ 37. Kf1 Qh1+ 38. Ke2 Qf3+ 39. Kd2 Qxf2+ 40. Kd1 Qf1+ 41. Kd2 Rf2+ 0-1

[Event "Raisoni Memorial op U15"]
[Site "Nagpur"]
[Date "2012.09.23"]
[Round "9"]
[White "Erigaisi, Arjun Kumar"]
[Black "Lakshmi, Krishna Bhushan D"]
[Result "0-1"]
[WhiteElo "1548"]
[BlackElo "1894"]
[PlyCount "98"]
[EventDate "2012.09.17"]
[EventType "swiss"]
[EventRounds "11"]
[EventCountry "IND"]
[SourceTitle "CBM 150 Extra"]
[Source "ChessBase"]
[SourceDate "2012.10.19"]
[SourceVersion "1"]
[SourceVersionDate "2012.10.19"]
[SourceQuality "1"]

1. d4 e6 2. c4 Nf6 3. Nf3 b6 4. g3 Bb7 5. Bg2 Be7 6. 0-0 0-0 7. Re1 d5 8. b3 Nbd7 9. Nbd2 c5 10. Bb2 Rc8 11. Rc1 Re8 12. e3 Bd6 13. Ne5 Qc7 14. f4 Red8 15. Nxd7 Qxd7 16. dxc5 Bxc5 17. Bxf6 gxf6 18. Qg4+ Kh8 19. Qh4 Qe7 20. cxd5 Bxd5 21. Rxc5 Qxc5 22. Qxf6+ Kg8 23. Bxd5 Qxd5 24. Nc4 Qc5 25. Ne5 Qf8 26. f5 Qg7 27. Qxg7+ Kxg7 28. Rf1 Rc5 29. f6+ Kf8 30. Nf3 Rf5 31. Nd4 Rxf1+ 32. Kxf1 e5 33. Nc6 Rd2 34. Nxa7 Rxa2 35. Nc6 e4 36. h4 h5 37. Ne5 b5 38. Nd7+ Kg8 39. Nc5 Rb2 40. Nxe4 Rxb3 41. Ke2 Kh7 42. Kf3 Rb2 43. g4 hxg4+ 44. Kxg4 Rc2 45. Nd6 b4 46. Nxf7 b3 47. Ng5+ Kg8 48. Kf5 b2 49. Kg6 Rc6 0-1

[Event "Raisoni Memorial op U15"]
[Site "Nagpur"]
[Date "2012.09.22"]
[Round "8"]
[White "Lakshmi, Krishna Bhushan D"]
[Black "Pranav, Vijay"]
[Result "1/2-1/2"]
[WhiteElo "1894"]
[BlackElo "2123"]
[PlyCount "55"]
[EventDate "2012.09.17"]
[EventType "swiss"]
[EventRounds "11"]
[EventCountry "IND"]
[SourceTitle "CBM 150 Extra"]
[Source "ChessBase"]
[SourceDate "2012.10.19"]
[SourceVersion "1"]
[SourceVersionDate "2012.10.19"]
[SourceQuality "1"]

1. d4 Nf6 2. c4 g6 3. Nc3 d5 4. cxd5 Nxd5 5. e4 Nxc3 6. bxc3 Bg7 7. Bc4 0-0 8. Ne2 c5 9. 0-0 Nc6 10. Be3 Na5 11. Bd3 b6 12. Qd2 e5 13. d5 f5 14. f4 fxe4 15. Bxe4 Nc4 16. Qd3 Nxe3 17. Qxe3 Qd6 18. fxe5 Rxf1+ 19. Rxf1 Bxe5 20. g3 Bg4 21. c4 Re8 22. Kg2 Qd7 23. Nf4 Bd4 24. Qd3 Be5 25. Bf3 Bxf4 26. Bxg4 Qxg4 27. Rxf4 Qd7 28. Re4 1/2-1/2

[Event "Raisoni Memorial op U15"]
[Site "Nagpur"]
[Date "2012.09.21"]
[Round "7"]
[White "Mohammad, Nubairshah Shaikh"]
[Black "Lakshmi, Krishna Bhushan D"]
[Result "1/2-1/2"]
[WhiteElo "2197"]
[BlackElo "1894"]
[PlyCount "60"]
[EventDate "2012.09.17"]
[EventType "swiss"]
[EventRounds "11"]
[EventCountry "IND"]
[SourceTitle "CBM 150 Extra"]
[Source "ChessBase"]
[SourceDate "2012.10.19"]
[SourceVersion "1"]
[SourceVersionDate "2012.10.19"]
[SourceQuality "1"]

1. d4 e6 2. c4 Nf6 3. Nc3 d5 4. cxd5 exd5 5. Bg5 Be7 6. e3 h6 7. Bh4 0-0 8. Bd3 c6 9. Qc2 Re8 10. Nf3 Ne4 11. Bxe7 Qxe7 12. Bxe4 dxe4 13. Nd2 f5 14. 0-0 Be6 15. Rfc1 Na6 16. a3 Nc7 17. b4 Bd5 18. g3 Ne6 19. b5 Qg5 20. bxc6 bxc6 21. Rab1 Re7 22. Nxd5 cxd5 23. Rb5 Rd8 24. Qa2 Red7 25. Rc6 Qe7 26. Nb3 Kh7 27. Nc5 Nxc5 28. Rcxc5 Qf7 29. Qb3 Qh5 30. h4 Qf7 1/2-1/2